| 000 | 00519nam a2200217Ia 4500 | ||
|---|---|---|---|
| 003 | OSt | ||
| 005 | 20220928140758.0 | ||
| 006 | a|||||r|||| 00| 0 | ||
| 007 | ta | ||
| 008 | 220927b |||||||| |||| 00| 0 eng d | ||
| 024 | _a11811 | ||
| 037 | _cTextual | ||
| 040 |
_aSDCL _cSDCL _beng |
||
| 041 |
_2eng _aeng |
||
| 082 | _aO-,3M85,5, H5 | ||
| 100 | _aLawrence D H | ||
| 245 | 0 | _aPrussian officer. | |
| 260 | _c1945 | ||
| 942 |
_hO-,3M85,5, H5 _cTEXL _2CC |
||
| 999 |
_c814229 _d814229 |
||